[Event "Mittelfranken Landesliga Nord 2223"]
[Site "Mittelfranken"]
[Date "2022.10.09"]
[Round "1.6"]
[White "Goetz, Andreas"]
[Black "Mueller, Johannes2222"]
[Result "1/2-1/2"]
[WhiteElo "1942"]
[BlackElo "2018"]
[PlyCount "88"]
[EventDate "2022.10.09"]
[EventType "team-tourn"]
[EventRounds "9"]
[EventCountry "GER"]
[SourceTitle "EXT 2024"]
[Source "ChessBase"]
[SourceDate "2023.10.10"]
[SourceVersion "1"]
[SourceVersionDate "2023.10.10"]
[SourceQuality "1"]
[WhiteTeam "Erlangen II"]
[BlackTeam "Kelheim"]
[WhiteTeamCountry "GER"]
[BlackTeamCountry "GER"]

1. d4 Nf6 2. Nf3 g6 3. c4 Bg7 4. Nc3 d5 5. cxd5 Nxd5 6. Bd2 Nb6 7. e3 0-0 8. Be2 Nc6 9. Qc2 e5 10. dxe5 Nxe5 11. 0-0 Be6 12. Rad1 Qe7 13. b3 Nxf3+ 14. Bxf3 c6 15. Ne2 Rad8 16. Nf4 Bf5 17. e4 Bc8 18. Be3 Rxd1 19. Rxd1 Rd8 20. a4 Qc7 21. a5 Rxd1+ 22. Bxd1 Nd7 23. b4 b6 24. Nd5 Qd6 25. b5 c5 26. axb6 axb6 27. Qa2 Bb7 28. Bb3 Qe5 29. f3 Qa1+ 30. Qxa1 Bxa1 31. Bf4 Be5 32. Bxe5 Bxd5 33. Bxd5 Nxe5 34. Kf2 Kf8 35. h4 Ke7 36. f4 Nd7 37. Ke3 Nf8 38. g4 h6 39. g5 hxg5 40. hxg5 Ne6 41. Bc4 Nc7 42. f5 gxf5 43. exf5 Ne8 44. f6+ Kf8 1/2-1/2

[Event "Regionalliga Sued-Ost 1819"]
[Site "Bayern"]
[Date "2019.04.07"]
[Round "9.5"]
[White "Golder, Waldemar"]
[Black "Goetz, Andreas"]
[Result "1-0"]
[WhiteElo "2039"]
[BlackElo "1931"]
[PlyCount "93"]
[EventDate "2018.10.21"]
[EventType "team-tourn"]
[EventRounds "9"]
[EventCountry "GER"]
[SourceTitle "EXT 2022"]
[Source "ChessBase"]
[SourceDate "2021.10.06"]
[SourceVersion "1"]
[SourceVersionDate "2021.10.06"]
[SourceQuality "1"]
[WhiteTeam "Groebenzell II"]
[BlackTeam "Ingolstadt"]
[WhiteTeamCountry "GER"]
[BlackTeamCountry "GER"]

1. e4 g6 2. d4 Bg7 3. c4 d6 4. Nf3 Bg4 5. Be2 Nc6 6. Be3 e5 7. d5 Nce7 8. Nfd2 Bxe2 9. Qxe2 f5 10. f3 Nf6 11. Nc3 0-0 12. g4 f4 13. Bf2 c6 14. b4 a6 15. 0-0 g5 16. Rfd1 cxd5 17. cxd5 h5 18. h3 hxg4 19. hxg4 Qd7 20. Nc4 Nc8 21. Rd3 Rf7 22. a4 Bf8 23. a5 Rh7 24. Na4 Qg7 25. Qf1 Qg6 26. Qg2 Nd7 27. Rc3 Ne7 28. Nab6 Nxb6 29. Nxb6 Rb8 30. Rac1 Qe8 31. Qf1 Ng6 32. Rc7 Rxc7 33. Rxc7 Be7 34. Qc1 Nf8 35. Rc8 Rxc8 36. Qxc8 Qb5 37. Qxb7 Ng6 38. Qd7 Qe2 39. Nc8 Qxf3 40. Nxe7+ Nxe7 41. Qe8+ Kg7 42. Qxe7+ Kh8 43. Qf6+ Kh7 44. Qf7+ Kh8 45. Qh5+ Kg8 46. Qxg5+ Kf7 47. Qf5+ 1-0

[Event "Regionalliga Nord-Ost 1819"]
[Site "Bayern"]
[Date "2018.12.16"]
[Round "4.5"]
[White "Baur, Stephan"]
[Black "Goetz, Andreas"]
[Result "1-0"]
[WhiteElo "1931"]
[BlackElo "2033"]
[PlyCount "71"]
[EventDate "2018.10.21"]
[EventType "team-tourn"]
[EventRounds "9"]
[EventCountry "GER"]
[SourceTitle "EXT 2022"]
[Source "ChessBase"]
[SourceDate "2021.10.06"]
[SourceVersion "1"]
[SourceVersionDate "2021.10.06"]
[SourceQuality "1"]
[WhiteTeam "Kelheim SK II"]
[BlackTeam "Erlangen SC II"]
[WhiteTeamCountry "GER"]
[BlackTeamCountry "GER"]

1. d4 d5 2. c4 e6 3. Nc3 Nf6 4. Bg5 Be7 5. e3 0-0 6. Qc2 h6 7. Bh4 c5 8. Nf3 cxd4 9. exd4 Nc6 10. cxd5 exd5 11. Bb5 Qb6 12. Bxc6 bxc6 13. 0-0 Bd7 14. Rfe1 Rfe8 15. Ne5 Qd8 16. Rac1 Nh7 17. Nxf7 Kxf7 18. Bxe7 Rxe7 19. Qxh7 Rxe1+ 20. Rxe1 Qf6 21. Qd3 Re8 22. Rxe8 Bxe8 23. Qe3 Qf5 24. h3 g5 25. g4 Qc2 26. Qe2 Qc1+ 27. Kg2 Bd7 28. Na4 Qf4 29. Qf3 Qxf3+ 30. Kxf3 Be8 31. Nc5 Kf6 32. Ke3 Ke7 33. f4 Bg6 34. f5 Bf7 35. b4 Bg8 36. Nd3 1-0

[Event "Regionalliga NO 1415"]
[Site "Bayern"]
[Date "2015.02.22"]
[Round "7.4"]
[White "Kalous, Miroslav"]
[Black "Goetz, Andreas"]
[Result "0-1"]
[WhiteElo "1966"]
[BlackElo "2013"]
[PlyCount "132"]
[EventDate "2014.10.19"]
[EventType "team-tourn"]
[EventRounds "9"]
[EventCountry "GER"]
[SourceTitle "EXT 2018"]
[Source "ChessBase"]
[SourceDate "2017.10.13"]
[SourceVersion "1"]
[SourceVersionDate "2017.10.13"]
[SourceQuality "1"]
[WhiteTeam "Windischeschenbach"]
[BlackTeam "Erlangen SC II"]
[WhiteTeamCountry "GER"]
[BlackTeamCountry "GER"]

1. d4 d6 2. Nf3 Bg4 3. g3 Bxf3 4. exf3 g6 5. Bg2 c6 6. f4 Bg7 7. c3 Nf6 8. Nd2 Nbd7 9. a4 0-0 10. 0-0 Qc7 11. a5 Rfd8 12. Nc4 b5 13. axb6 axb6 14. Rxa8 Rxa8 15. d5 c5 16. Na3 Ra5 17. c4 Ne8 18. Re1 Kf8 19. Qe2 Ndf6 20. g4 Ng8 21. Qd3 Qd7 22. Bh3 Nc7 23. g5 e6 24. dxe6 fxe6 25. Qe2 Ra8 26. Bxe6 Nxe6 27. Qxe6 Qxe6 28. Rxe6 Re8 29. Rxe8+ Kxe8 30. Nb5 Kd7 31. Kg2 Kc6 32. Na7+ Kb7 33. Nb5 Kc6 34. Kf3 d5 35. b3 Ne7 36. h4 Nf5 37. Kg4 Bd4 38. f3 dxc4 39. bxc4 Kd7 40. h5 Kc6 41. h6 Kd7 42. Kh3 Bh8 43. Kg2 Bd4 44. Na3 Ke6 45. Kf1 Nd6 46. Ke2 Kf5 47. Kd3 Bg1 48. Nc2 Ne8 49. Bd2 Nc7 50. Kc3 Ne6 51. Kb3 Nxf4 52. Ka4 Ne6 53. Kb5 Nxg5 54. Ne1 Ne6 55. Kxb6 Nd4 56. Kc7 Bf2 57. Nd3 Nxf3 58. Bc1 Bd4 59. Kd6 g5 60. Nxc5 Ne5 61. Kd5 Bxc5 62. Kxc5 Nd3+ 63. Kb6 Nxc1 64. c5 Na2 65. Kb5 Nc3+ 66. Kc4 Ne4 0-1

[Event "Regionalliga NO 1415"]
[Site "Bayern"]
[Date "2015.02.01"]
[Round "6.3"]
[White "Meulner, Klaus"]
[Black "Goetz, Andreas"]
[Result "0-1"]
[WhiteElo "2085"]
[BlackElo "2013"]
[PlyCount "122"]
[EventDate "2014.10.19"]
[EventType "team-tourn"]
[EventRounds "9"]
[EventCountry "GER"]
[SourceTitle "EXT 2018"]
[Source "ChessBase"]
[SourceDate "2017.10.13"]
[SourceVersion "1"]
[SourceVersionDate "2017.10.13"]
[SourceQuality "1"]
[WhiteTeam "Nuernberg Sued SW II"]
[BlackTeam "Erlangen SC II"]
[WhiteTeamCountry "GER"]
[BlackTeamCountry "GER"]

1. Nf3 d5 2. g3 c6 3. Bg2 g6 4. 0-0 Bg7 5. d4 Nf6 6. c4 0-0 7. Qb3 Qb6 8. c5 Qxb3 9. axb3 Ne4 10. Nc3 Bg4 11. Be3 Bxf3 12. exf3 Nxc3 13. bxc3 e5 14. Bh3 Na6 15. Rfe1 Nc7 16. dxe5 Bxe5 17. Bd2 Bf6 18. Bf1 a6 19. Rac1 Ne6 20. Be3 Rfd8 21. Bh3 Nc7 22. c4 Re8 23. Bf4 Ne6 24. Bxe6 Rxe6 25. cxd5 Rxe1+ 26. Rxe1 cxd5 27. Bd6 Rc8 28. Rd1 d4 29. Kf1 Re8 30. Re1 Rd8 31. Ke2 b6 32. Kd3 bxc5 33. Bxc5 a5 34. Ra1 Rb8 35. Kc4 Ra8 36. Ra4 h5 37. Bxd4 Bd8 38. Bc3 Kf8 39. Kd3 Bc7 40. Kc2 Re8 41. Re4 Rd8 42. Bf6 Rd5 43. f4 Rc5+ 44. Kd2 Rc6 45. Be7+ Kg7 46. Rc4 Rxc4 47. bxc4 f5 48. Kc3 Kf7 49. Ba3 Ke6 50. Kd4 h4 51. Bc5 h3 52. Ba3 Bd8 53. c5 Bf6+ 54. Kc4 Kd7 55. Kd5 Bc3 56. c6+ Kc8 57. Ke6 Bd4 58. g4 fxg4 59. f5 Bxf2 60. f6 Bd4 61. f7 Bg7 0-1

[Event "Mittelfranken-ch HT 63rd"]
[Site "Nuremberg"]
[Date "2014.04.18"]
[Round "9"]
[White "Goetz, Andreas"]
[Black "Seibold, Hubert"]
[Result "1/2-1/2"]
[WhiteElo "2116"]
[BlackElo "2163"]
[PlyCount "84"]
[EventDate "2014.04.15"]
[EventType "swiss"]
[EventRounds "9"]
[EventCountry "GER"]
[SourceTitle "EXT 2022"]
[Source "ChessBase"]
[SourceDate "2021.10.06"]
[SourceVersion "1"]
[SourceVersionDate "2021.10.06"]
[SourceQuality "1"]

1. Nf3 d5 2. d4 Nf6 3. c4 c6 4. e3 Bf5 5. Nbd2 e6 6. b3 Nbd7 7. Bb2 h6 8. Be2 Be7 9. 0-0 0-0 10. a3 a5 11. Rc1 Qb8 12. Ne5 Nxe5 13. dxe5 Nd7 14. cxd5 cxd5 15. Nf3 Be4 16. Nd2 Bg6 17. Nf3 Rc8 18. Rxc8+ Qxc8 19. Bb5 Bh5 20. Bxd7 Qxd7 21. Qd3 Bxf3 22. gxf3 Bc5 23. a4 Qe7 24. Rc1 b6 25. Bd4 Rb8 26. Kh1 Qh4 27. Kg2 Qe7 28. Kh1 g6 29. Qc3 Rc8 30. Qd3 Kg7 31. Qa6 Rc7 32. Bb2 Qh4 33. Kg2 Qb4 34. Qd3 Qh4 35. h3 Qg5+ 36. Kh2 Kh7 37. Kh1 Rd7 38. Bd4 Qe7 39. Qb5 Rc7 40. Bxc5 Rxc5 41. Rxc5 Qxc5 42. Qd7 Kg7 1/2-1/2

[Event "Mittelfranken-ch HT 63rd"]
[Site "Nuremberg"]
[Date "2014.04.17"]
[Round "6"]
[White "Zuehlke, Burkhard"]
[Black "Goetz, Andreas"]
[Result "0-1"]
[WhiteElo "2087"]
[BlackElo "2116"]
[PlyCount "106"]
[EventDate "2014.04.15"]
[EventType "swiss"]
[EventRounds "9"]
[EventCountry "GER"]
[SourceTitle "EXT 2022"]
[Source "ChessBase"]
[SourceDate "2021.10.06"]
[SourceVersion "1"]
[SourceVersionDate "2021.10.06"]
[SourceQuality "1"]

1. d4 e6 2. c4 Bb4+ 3. Nc3 b6 4. Qb3 a5 5. a3 Bxc3+ 6. Qxc3 Bb7 7. Qg3 g6 8. e4 d6 9. Bd3 Nd7 10. Nf3 Ngf6 11. Qf4 Qe7 12. Qe3 e5 13. 0-0 0-0 14. Re1 Rfe8 15. b3 Nh5 16. g3 Bc8 17. Bb2 f6 18. Bf1 c5 19. dxe5 dxe5 20. Bh3 Nf8 21. Bxc8 Rexc8 22. Nd2 Ne6 23. Nb1 Nd4 24. Bxd4 cxd4 25. Qd3 Ng7 26. Nd2 Ne6 27. Reb1 Kg7 28. Qe2 Rd8 29. Nf3 d3 30. Qe3 Qc5 31. Rd1 Qxe3 32. fxe3 Nc5 33. Nd2 f5 34. exf5 gxf5 35. b4 Ne6 36. e4 fxe4 37. Nxe4 Rd4 38. Nd2 Rd7 39. Re1 axb4 40. axb4 Rxa1 41. Rxa1 Nd4 42. Rb1 Ra7 43. Kf2 Nc2 44. Rb3 Rf7+ 45. Kg1 Rd7 46. Rb2 Kg6 47. c5 Kf5 48. c6 Rc7 49. b5 e4 50. g4+ Kf4 51. Rb1 e3 52. Nc4 e2 53. Kf2 Re7 0-1

[Event "Mittelfranken-ch HT 63rd"]
[Site "Nuremberg"]
[Date "2014.04.16"]
[Round "4"]
[White "Hirn, Oskar"]
[Black "Goetz, Andreas"]
[Result "1-0"]
[WhiteElo "2229"]
[BlackElo "2116"]
[PlyCount "97"]
[EventDate "2014.04.15"]
[EventType "swiss"]
[EventRounds "9"]
[EventCountry "GER"]
[SourceTitle "EXT 2022"]
[Source "ChessBase"]
[SourceDate "2021.10.06"]
[SourceVersion "1"]
[SourceVersionDate "2021.10.06"]
[SourceQuality "1"]

1. e4 c6 2. d3 d5 3. Nd2 g6 4. c3 Bg7 5. f4 h5 6. Ngf3 Na6 7. Be2 Qc7 8. Nb3 Qb6 9. h3 h4 10. a4 Nf6 11. a5 Qc7 12. Ng5 Nh5 13. Bxh5 Rxh5 14. 0-0 f6 15. Nf3 dxe4 16. dxe4 Be6 17. Nfd4 Bf7 18. f5 g5 19. Ne6 Bxe6 20. Qxh5+ Bf7 21. Qd1 Bc4 22. Re1 Qd6 23. Nd4 0-0-0 24. b3 Be6 25. Ba3 Qg3 26. Qe2 c5 27. Nc6 Rd7 28. Rad1 Bxb3 29. Nxa7+ Kc7 30. Nb5+ Kd8 31. Rb1 Bf7 32. Red1 Be8 33. c4 Kc8 34. Qf2 Qxf2+ 35. Kxf2 Rxd1 36. Rxd1 Bf7 37. Rc1 Bf8 38. Nc3 e6 39. fxe6 Bxe6 40. Nd5 f5 41. Re1 f4 42. Kf3 Nb8 43. Bb2 Nc6 44. Bf6 Nd4+ 45. Kf2 g4 46. hxg4 Bxg4 47. Rh1 h3 48. gxh3 Bf3 49. Rg1 1-0

[Event "Mittelfranken-ch qual"]
[Site "Wachendorf"]
[Date "2013.03.27"]
[Round "3.4"]
[White "Homfeldt, Maren"]
[Black "Goetz, Andreas"]
[Result "0-1"]
[WhiteElo "913"]
[BlackElo "2120"]
[PlyCount "82"]
[EventDate "2013.03.27"]
[EventType "swiss"]
[EventRounds "7"]
[EventCountry "GER"]
[SourceTitle "EXT 2022"]
[Source "ChessBase"]
[SourceDate "2021.10.06"]
[SourceVersion "1"]
[SourceVersionDate "2021.10.06"]
[SourceQuality "1"]

1. g3 d5 2. Bg2 Nf6 3. h3 e5 4. e3 Bd6 5. Ne2 h5 6. b3 Be6 7. Bb2 Qd7 8. d3 Nc6 9. a3 0-0-0 10. Nd2 Rdf8 11. Nc3 Be7 12. Ne2 Ne8 13. Nf3 h4 14. Nxe5 Nxe5 15. Bxe5 hxg3 16. Nxg3 Bxh3 17. Bxh3 Rxh3 18. Qf3 Rxh1+ 19. Qxh1 Qe6 20. d4 f6 21. Qh5 fxe5 22. Qxe5 Qxe5 23. dxe5 Bh4 24. Nh1 Rf5 25. Ke2 Rxe5 26. Rd1 Nd6 27. Rd4 Rh5 28. Rxh4 Rxh4 29. Ng3 Rh2 30. c3 Ne4 31. Nxe4 dxe4 32. Kf1 Rh1+ 33. Kg2 Rc1 34. c4 Rc3 35. Kg3 Rxb3 36. Kf4 Rb2 37. Kxe4 Rxf2 38. Kd3 g5 39. e4 g4 40. Ke3 g3 41. a4 Rf8 0-1